Wat zijn de 10 Italiaanse steden met de meeste inwoners - Statistieken

Algemene statistieken
  • Deze quiz is 105 keer genomen
  • De gemiddelde score is 8 van 10
Antwoordstatistieken
Inwoners Antwoord % Correct
1.345.851 Milaan
100%
2,864,731 Rome
100%
974,074 Napels
92%
890,529 Turijn
92%
674.435 Palermo
81%
382,808 Florence
77%
586,655 Genua
72%
386,663 Bologna
66%
326,344 Bari
57%
314.555 Catania
40%
Geen overeenkomende quizzen gevonden
Scoreverdeling
Procent van Mensen met Elke Score
Percentiel versus Aantal Correcte Antwoorden
Uw Scoregeschiedenis
U heeft deze quiz nog niet genomen